Normal view
MARC view
Entry Personal Name
001 - CONTROL NUMBER
- control field: 1050
003 - CONTROL NUMBER IDENTIFIER
- control field: PK-NaQUE
005 - DATE AND TIME OF LATEST TRANSACTION
- control field: 20260629143307.0
008 - FIXED-LENGTH DATA ELEMENTS
- fixed length control field: 260629|| aca||aabn | a|a d
040 ## - CATALOGING SOURCE
- Original cataloging agency: PK-NaQUE
- Transcribing agency: PK-NaQUE
100 ## - HEADING--PERSONAL NAME
- Personal name: Mushraf Ali
- Personal name: 21-MSM-10
- Personal name: Supervisor - Dr. Kamran Nazir Memon
670 ## - SOURCE DATA FOUND
- Source citation: Work cat.: (PK-NaQUE)69103: Mushraf Ali 21-MSM-10 Supervisor - Dr. Kamran Nazir Memon, The Influence of Slip Condition on Tank Drainage for Third Order Fluid by Using Adomian Decomposition Method (Thesis MS), 2024